| Tag |
First Indicator |
Second Indicator |
Subfields |
| LEADER |
00000cam a2200000 a 4500 |
| 001 |
in00001375889 |
| 005 |
20151006092751.0 |
| 008 |
961008s1996 txu b s000 0 eng d |
| 035 |
|
|
|a (OCoLC)35700470
|
| 035 |
|
|
|9 AHK0453AM
|
| 040 |
|
|
|a IKM
|c IKM
|d TXA
|d UtOrBLW
|
| 049 |
|
|
|a TXAO
|
| 086 |
|
|
|a A1900.7 P422 NO.1660
|2 txdocs
|
| 100 |
1 |
|
|a Skinner, S. Alan.
|
| 245 |
1 |
0 |
|a Cultural resources survey of the Nichols Green Park /
|c S. Alan Skinner ; prepared for MHS Planning & Design ; prepared by AR Consultants.
|
| 246 |
1 |
7 |
|a Nichols Green Park
|
| 264 |
|
1 |
|a Dallas, Tex. :
|b The Consultants,
|c [1996]
|
| 300 |
|
|
|a iv, 17 leaves :
|b illustrations, maps ;
|c 28 cm.
|
| 336 |
|
|
|a text
|b txt
|2 rdacontent
|
| 337 |
|
|
|a unmediated
|b n
|2 rdamedia
|
| 338 |
|
|
|a volume
|b nc
|2 rdacarrier
|
| 490 |
1 |
|
|a Cultural resources report ;
|v 96-7
|
| 500 |
|
|
|a "Texas Antiquities [Committee] permit number 1660."
|
| 500 |
|
|
|a "March 22, 1996."
|
| 504 |
|
|
|a Includes bibliographical references (leaves 16-17).
|
| 650 |
|
0 |
|a Archaeological surveying
|z Texas
|z Cherokee County.
|
| 650 |
|
0 |
|a Archaeological surveying
|z Texas
|z Jacksonville.
|
| 651 |
|
0 |
|a Cherokee County (Tex.)
|x Antiquities.
|
| 651 |
|
0 |
|a Jacksonville (Tex.)
|x Antiquities.
|
| 710 |
2 |
|
|a AR Consultants.
|
| 710 |
2 |
|
|a Texas Antiquities Committee.
|
| 710 |
2 |
|
|a MHS Planning & Design (Firm)
|
| 830 |
|
0 |
|a Cultural resources report (AR Consultants) ;
|v 96-7.
|
| 999 |
|
|
|a MARS
|
| 999 |
f |
f |
|s a8ecb24b-fdb0-3e26-b8a6-bae994b4df43
|i 1b7a5781-4ba5-3a4d-846f-0938570070ca
|t 0
|
| 952 |
f |
f |
|p normal
|a Texas A&M University
|b College Station
|c Sterling C. Evans Library
|d Evans: Texas Documents (Annex 5th floor)
|t 0
|e A1900.7 P422 NO.1660
|h Superintendent of Documents classification
|i unmediated -- volume
|m A14822743778
|
| 998 |
f |
f |
|a A1900.7 P422 NO.1660
|t 0
|l Evans: Texas Documents (Annex 5th floor)
|